LEADER 00928cam0-2200325---450- 001 990004685390403321 005 20101115162445.0 010 $a2-89007-719-5 035 $a000468539 035 $aFED01000468539 035 $a(Aleph)000468539FED01 035 $a000468539 100 $a19990604d1991----km-y0itay50------ba 101 0 $afre 102 $aFR 105 $a--------001yy 200 1 $aMourir de rire d'après et avec Rabelais$fpar Colette Quesnel 210 $aMontréal$cBellarmin$aParis$cVrin$d1991 215 $a134 p.$d21 cm 225 1 $aCahiers d'études médiévales$v10 610 0 $aRabelais, François 676 $a843.3 700 1$aQuesnel,$bColette$0186908 801 0$aIT$bUNINA$gRICA$2UNIMARC 901 $aBK 912 $a990004685390403321 952 $a843.3 RABE/S 2$bBibl.13487$fFLFBC 959 $aFLFBC 996 $aMourir de rire d'après et avec Rabelais$9554476 997 $aUNINA LEADER 00971nam a22002531i 4500 001 991003355459707536 005 20040329110951.0 008 040802s1946 fr |||||||||||||||||fre 035 $ab13062414-39ule_inst 035 $aARCHE-101502$9ExL 040 $aBiblioteca Interfacoltà$bita$cA.t.i. Arché s.c.r.l. Pandora Sicilia s.r.l. 082 04$a848.8 100 1 $aCarias, Léon$0465459 245 14$aLes carnets intimes d'Anatole France /$cLeon Carias ; preface de Claude Aveline 260 $aParis :$bEmile-Paul,$cc1946 300 $a171 p. ;$c19 cm 600 14$aFrance, Anatole$xDiari e memorie 700 1 $aAveline, Claude 907 $a.b13062414$b02-04-14$c05-08-04 912 $a991003355459707536 945 $aLE002 Fondo Giudici P 443$g1$iLE002G-13567$lle002$nC. 1$o-$pE0.00$q-$rn$so $t0$u0$v0$w0$x0$y.i13688595$z05-08-04 996 $aCarnets intimes d'Anatole France$9292061 997 $aUNISALENTO 998 $ale002$b05-08-04$cm$da $e-$ffre$gfr $h4$i1